000 00838nas a2200241 4500
001 BR8100446
003 BR-BrBNA
005 20231205084512.0
007 ta
008 230509b bl.|||p| |||| 00| 00por d
040 _aBR-BrBNA
_bpor
_cBiblioteca Nacional de Agricultura
041 _a(Pt)
072 _aE70
110 1 _aBanco do Nordeste do Brasil S.A., Fortaleza, CE. Escritorio Tecnico de Estudos Economicos do Nordeste
_91166
245 1 _aLagosta [Palinurus argus; Exportacao; Brasil]
246 1 _a[Lobster [Palinurus argus; Export; Brazil]]
650 _aComercializacao
650 _aLagosta
650 _aExportacao
773 0 _tInformes Conjunturais da Agropecuaria do Nordeste (Brazil)
_xISSN 0100-4506
_g(Jan 1980), v. 6(1) p. 75-78
_wBR8100446
909 _a202311
_bLúcia
_c55
_dLúcia Elande
942 _2AGRIS
_n0
_cANA
999 _c105611
_d105611